Five novellas by women writers : (Record no. 18157)

MARC details
000 -LEADER
fixed length control field 04225nam a22005415a 4500
005 - DATE AND TIME OF LATEST TRANSACTION
control field 20081017051548.0
008 - FIXED-LENGTH DATA ELEMENTS--GENERAL INFORMATION
fixed length control field 081017s2008 ii | 00| 0 eng
010 ## - LCCN (DPL NO)
LC control number ENG-91553
020 ## - INTERNATIONAL STANDARD BOOK NUMBER
International Standard Book Number 9780195697025
Terms of availability 595.00
020 ## - INTERNATIONAL STANDARD BOOK NUMBER
International Standard Book Number 0195697022
035 ## - SYSTEM CONTROL NUMBER
System control number EN-75086
035 ## - SYSTEM CONTROL NUMBER
System control number B-360946-956
037 ## - SOURCE OF ACQUISITION
Source of stock number/acquisition DBAD / PUB
037 ## - SOURCE OF ACQUISITION
Source of stock number/acquisition Uppal Book Store
040 ## - CATALOGING SOURCE
Original cataloging agency dpl
Language of cataloging English
082 ## - DEWEY DECIMAL CLASSIFICATION NUMBER
Classification number S
245 ## - TITLE STATEMENT
Title Five novellas by women writers :
Statement of responsibility, etc with an introduction by Uma Chakravarti
Remainder of title Nabaneeta Dev Sen; Mrinal Pande; Vaidehi; B.M. Zuhara; Saniya /
246 ## - VARYING FORM OF TITLE
Title proper/short title Sheet sahasik hemantolok/Nabaneeta Dev Sen; Ek stree ka vidageet/Mirnal Pande; Jatre/ Vaidehi; Nilavu/ B.M. Zuhara; Tyanantar/ Saniya
260 ## - PUBLICATION, DISTRIBUTION, ETC. (IMPRINT)
Place of publication, distribution, etc New Delhi
Name of publisher, distributor, etc Oxford University Press
Date of publication, distribution, etc 2008
300 ## - PHYSICAL DESCRIPTION
Extent xxii, 312 p.
Dimensions 24cm (Hb)
500 ## - GENERAL NOTE
General note Five novels in Bengali, Hindi, Kannada, Malayalam and Marathi in one volume
505 ## - FORMATTED CONTENTS NOTE
Formatted contents note Defying winter/ by Nabaneeta Dev Sen; translated by Tutun Mukherjee. A women's farewell song/ by Mirnal Pande. Temple-fair/ by Vaidehi, translated by Nayana Kashyap. Moonlight/ by B.M. Zuhara; translated by Vanajam Ravindram. Thereafter/ by Saniya;
505 ## - FORMATTED CONTENTS NOTE
Formatted contents note translated by Maya Pandit
600 ## - SUBJECT ADDED ENTRY--PERSONAL NAME
Personal name Dev Sen, Nabaneeta, 1938-
600 ## - SUBJECT ADDED ENTRY--PERSONAL NAME
Personal name Pande, Mirnal, 1946-
600 ## - SUBJECT ADDED ENTRY--PERSONAL NAME
Personal name Vaidehi, 1945-
600 ## - SUBJECT ADDED ENTRY--PERSONAL NAME
Personal name zuhara, B.M., 1952-
600 ## - SUBJECT ADDED ENTRY--PERSONAL NAME
Personal name Saniya, 1952-
650 ## - SUBJECT ADDED ENTRY--TOPICAL TERM
Source of heading or term Bengali fiction
General subdivision Translation into English
650 ## - SUBJECT ADDED ENTRY--TOPICAL TERM
Source of heading or term Hindi fiction
General subdivision Translation into English
650 ## - SUBJECT ADDED ENTRY--TOPICAL TERM
Source of heading or term Kannada fiction
General subdivision Translation into English
650 ## - SUBJECT ADDED ENTRY--TOPICAL TERM
Source of heading or term Malayalam fiction
General subdivision Translation into English
650 ## - SUBJECT ADDED ENTRY--TOPICAL TERM
Source of heading or term Marathi fiction
General subdivision Translation into English
942 ## - ADDED ENTRY ELEMENTS (KOHA)
Source of classification or shelving scheme Dewey Decimal Classification
Item type English Books
Call number suffix FIV
Classification part S
Holdings
Withdrawn status Lost status Source of classification or shelving scheme Damaged status Not for loan Collection code Home library Current library Date acquired Source of acquisition Cost, normal purchase price Total Checkouts Full call number Barcode Date last seen Copy number Cost, replacement price Koha item type Total Renewals
    Dewey Decimal Classification     Fiction Andrews Gunj Andrews Gunj 27/03/2010 Uppal Book Store/9015/26.10.09/128/16.10.09/26.10.09 595.00 3 S FIV B-360953 29/02/2020 1 595.00 English Books  
    Dewey Decimal Classification     Fiction Central Library Central Library 27/03/2010 Uppal Book Store/9015/26.10.09/128/16.10.09/26.10.09 595.00 1 S FIV B-360946 31/05/2023 1 595.00 English Books 2
    Dewey Decimal Classification   Not For Loan Non-fiction D.B.Act.Division D.B.Act.Division 07/11/2008 DBAD / PUB 595.00   S FIV EN-75086 07/11/2008 1 595.00 English Books  
Withdrawn   Dewey Decimal Classification     Fiction Janak Puri Janak Puri 27/03/2010 Uppal Book Store/9015/26.10.09/128/16.10.09/26.10.09 595.00 17 S FIV B-360950 03/08/2013 1 595.00 English Books 2
    Dewey Decimal Classification     Fiction Karol Bagh Karol Bagh 27/03/2010 Uppal Book Store/9015/26.10.09/128/16.10.09/26.10.09 595.00   S FIV B-360955 27/03/2010 1 595.00 English Books  
    Dewey Decimal Classification     Fiction Kasturba Gandhi Marg Kasturba Gandhi Marg 27/03/2010 Uppal Book Store/9015/26.10.09/128/16.10.09/26.10.09 595.00   S FIV B-360948 27/03/2010 1 595.00 English Books  
    Dewey Decimal Classification     Fiction Patel Nagar Patel Nagar 27/03/2010 Uppal Book Store/9015/26.10.09/128/16.10.09/26.10.09 595.00   S FIV B-360947 27/03/2010 1 595.00 English Books  
    Dewey Decimal Classification     Fiction Peshwa Road Peshwa Road 27/03/2010 Uppal Book Store/9015/26.10.09/128/16.10.09/26.10.09 595.00   S FIV B-360949 27/03/2010 1 595.00 English Books  
    Dewey Decimal Classification     Fiction R.K.Puram-8 R.K.Puram-8 27/03/2010 Uppal Book Store/9015/26.10.09/128/16.10.09/26.10.09 595.00   S FIV B-360952 27/03/2010 1 595.00 English Books  
  Written-off vide DLB M. No. 383 dt 16.05.19 Dewey Decimal Classification     Fiction Sarojini Nagar Sarojini Nagar 27/03/2010 Uppal Book Store/9015/26.10.09/128/16.10.09/26.10.09 595.00   S FIV B-360951 27/03/2010 1 595.00 English Books  
  Written-off vide DLB M. No. 383 dt 16.05.19 Dewey Decimal Classification     Fiction Shahdara Branch Shahdara Branch 27/03/2010 Uppal Book Store/9015/26.10.09/128/16.10.09/26.10.09 595.00   S FIV B-360956 27/03/2010 1 595.00 English Books  
    Dewey Decimal Classification     Fiction Vinoba Puri Vinoba Puri 27/03/2010 Uppal Book Store/9015/26.10.09/128/16.10.09/26.10.09 595.00 8 S FIV B-360954 25/06/2016 1 595.00 English Books  

© Delhi Public Library
Hit Counter
free hit counter